Historia de las conquistas de Hernando Cortés (Record no. 4070)
[ view plain ]
| 000 -CABECERA | |
|---|---|
| campo de control de longitud fija | 01165nam a2200277 a 4500 |
| 001 - NÚMERO DE CONTROL | |
| campo de control | BRCA_4359 |
| 005 - FECHA Y HORA DE LA ÚLTIMA TRANSACCIÓN | |
| campo de control | 20190320204636.0 |
| 008 - DATOS DE LONGITUD FIJA--INFORMACIÓN GENERAL | |
| campo de control de longitud fija | 150710s1826----mx-#######---#000-0#spa-# |
| 041 ## - CÓDIGO DE LENGUA | |
| Código de lengua del texto/banda sonora o título independiente | spa |
| 044 ## - CÓDIGO DEL PAÍS DE LA ENTIDAD EDITORA/PRODUCTORA | |
| Código MARC del país | mx |
| 050 #4 - SIGNATURA TOPOGRÁFICA DE LA BIBLIOTECA DEL CONGRESO | |
| Número de clasificación | F1230.C6 |
| Número de documento/Ítem | .L67 1 |
| -- | 1826 |
| 100 1# - ENTRADA PRINCIPAL--NOMBRE DE PERSONA | |
| Nombre de persona | Lopez de Gomára, Francisco |
| Fechas asociadas al nombre | 1511-1566 (?) |
| 9 (RLIN) | 11120 |
| 245 10 - MENCIÓN DE TÍTULO | |
| Título | Historia de las conquistas de Hernando Cortés |
| Mención de responsabilidad, etc. | escrita en español por Francisco Lopez de Gomára ; traducida al mexicano y aprobada por verdadera por Juan Bautista de San Anton Muñon Chimalpain Quauhtlehuanitzin ; publicada con varias notas y adiciones Carlos María de Bustamante. |
| 260 ## - PUBLICACIÓN, DISTRIBUCIÓN, ETC. | |
| Lugar de publicación, distribución, etc. | México |
| Nombre del editor, distribuidor, etc. | Ontiveros |
| Fecha de publicación, distribución, etc. | 1826 |
| 300 ## - DESCRIPCIÓN FÍSICA | |
| Extensión | xiii, 308 p. (v.1) |
| Dimensiones | 20 cm. |
| 500 ## - NOTA GENERAL | |
| Nota general | Incluye índice de la historia de las conquistas de Hernando Cortés |
| 500 ## - NOTA GENERAL | |
| Nota general | Ver también DD51 (v.2) |
| 500 ## - NOTA GENERAL | |
| Nota general | B99 |
| 600 14 - PUNTO DE ACCESO ADICIONAL DE MATERIA--NOMBRE DE PERSONA | |
| Nombre de persona | Cortés, Hernando |
| Fechas asociadas al nombre | 1485-1547 |
| 9 (RLIN) | 11121 |
| 650 14 - PUNTO DE ACCESO ADICIONAL DE MATERIA--TÉRMINO DE MATERIA | |
| Término de materia o nombre geográfico como elemento de entrada | Guerra Mixton |
| 9 (RLIN) | 11122 |
| 651 #4 - PUNTO DE ACCESO ADICIONAL DE MATERIA--NOMBRE GEOGRÁFICO | |
| Nombre geográfico | México |
| Subdivisión general | Historia |
| Subdivisión geográfica | Conquista, 1519-1540 |
| 9 (RLIN) | 11123 |
| 700 1# - PUNTO DE ACCESO ADICIONAL--NOMBRE DE PERSONA | |
| Nombre de persona | Chimalpain Quauhtlehuanitzin, Juan Bautista de San Anton Muñon |
| 9 (RLIN) | 11124 |
| 700 1# - PUNTO DE ACCESO ADICIONAL--NOMBRE DE PERSONA | |
| Nombre de persona | Bustamante, Carlos María de |
| 9 (RLIN) | 11125 |
| 902 ## - CATALOGADOR | |
| Iniciales | GFM |
| 942 ## - ELEMENTOS DE PUNTO DE ACCESO ADICIONAL (KOHA) | |
| Fuente del sistema de clasificación o colocación | Library of Congress Classification |
| Tipo de ítem Koha | Libros |
| Estado de retiro | Estado de pérdida | Estado dañado | No para préstamo | Localización permanente | Ubicación/localización actual | Fecha de adquisición | Número de inventario | Total de préstamos | Signatura topográfica completa | Código de barras | Fecha visto por última vez | Precio válido a partir de | Tipo de ítem Koha |
|---|---|---|---|---|---|---|---|---|---|---|---|---|---|
| El ejemplar forma parte de la colección y puede ser consultado según las políticas vigentes. | Biblioteca del Museo Franz Mayer (Rogerio Casas-Alatriste) | Biblioteca del Museo Franz Mayer (Rogerio Casas-Alatriste) | 15/07/2010 | B99 | F1230.C6 .L67 1 1826 (B99) | 4356 | 22/03/2019 | 22/03/2019 | Libros |